000 00337nam a2200133Ia 4500
005 20260328104301.0
008 260328s9999||||xx |||||||||||||| ||und||
100 _aFricke, Shannon
245 0 _aEstilo Personal ;Color y Espacio /
_cShannon Fricke
260 _bOcéano
300 _a238 p.
650 _aDISEÑO INTERIOR
942 _cBK
999 _c10596
_d10596